000 00258nam a2200097Ia 4500
008 230907s9999||||xx |||||||||||||| ||und||
082 _a658.26
_bZHO
245 0 _aCombustion optimization based on computational intelligence /
300 _a270 p.
942 _cBK
999 _c599877
_d599877